Eastern Utah Libraries Catalog: Duchesne, Heber, Roosevelt, & Vernal

A royal night out / (Record no. 296462)

MARC details
000 -LEADER
fixed length control field 05153cgm a2201033Mi 4500
001 - CONTROL NUMBER
control field ocn966523929
003 - CONTROL NUMBER IDENTIFIER
control field OCoLC
005 - DATE AND TIME OF LATEST TRANSACTION
control field 20200320202158.0
007 - PHYSICAL DESCRIPTION FIXED FIELD--GENERAL INFORMATION
fixed length control field vd cvaizq
008 - FIXED-LENGTH DATA ELEMENTS--GENERAL INFORMATION
fixed length control field 160322p20152016cau098 vleng d
020 ## - INTERNATIONAL STANDARD BOOK NUMBER
Terms of availability 15.95
024 1# - OTHER STANDARD IDENTIFIER
Standard number or code 024543275909
028 42 - PUBLISHER NUMBER
Publisher number 2327590
Source Twentieth Century Fox Home Entertainment
035 ## - SYSTEM CONTROL NUMBER
System control number (OCoLC)966523929
037 ## - SOURCE OF ACQUISITION
Source of stock number/acquisition Midwest Tape
Note http://www.midwesttapes.com
040 ## - CATALOGING SOURCE
Original cataloging agency B@L
Language of cataloging eng
Description conventions rda
Transcribing agency B@L
Modifying agency OCLCO
-- OCLCF
-- WACOL
041 1# - LANGUAGE CODE
Language code of text/sound track or separate title eng
-- spa
-- eng
Language code of original and/or intermediate translations of text eng
043 ## - GEOGRAPHIC AREA CODE
Geographic area code e-uk---
049 ## - LOCAL HOLDINGS (OCLC)
Holding library WACL
050 #4 - LIBRARY OF CONGRESS CALL NUMBER
Classification number PN1997.2
Item number .R69 2016
082 04 - DEWEY DECIMAL CLASSIFICATION NUMBER
Classification number 791.43/72
Edition number 23
092 ## - LOCALLY ASSIGNED DEWEY CALL NUMBER (OCLC)
Classification number DVD
Item number Roy
245 02 - TITLE STATEMENT
Title A royal night out /
Statement of responsibility, etc Ketchup Entertainment & Atlas Distribution Company and Hanway Films presents ; screenplay by Trevor De Silva and Kevin Hood ; produced by Robert Bernstein and Douglas Rae ; directed by Julian Jarrold.
250 ## - EDITION STATEMENT
Edition statement Widescreen edition.
257 ## - COUNTRY OF PRODUCING ENTITY FOR ARCHIVAL FILMS
Country of producing entity Great Britain.
-- naf
264 #1 - Production, Publication, Distribution, Manufacture, and Copyright Notice.
Place of production, publication, distribution, manufacture Beverly Hills, CA :
Name of producer, publisher, distributor, manufacturer Twentieth Century Fox Home Entertainment, Inc.,
Date of production, publication, distribution, manufacture, or copyr 2015, [2016]
300 ## - PHYSICAL DESCRIPTION
Extent 1 videodisc (97 minutes) :
Other physical details sound, color ;
Dimensions 4 3/4 in.
336 ## - Content Type
Content type term two-dimensional moving image
337 ## - Media type
Media type term video
338 ## - Carrier type
Carrier type term videodisc
340 ## - PHYSICAL MEDIUM
Dimensions 4 3/4 in.
-- rda
344 ## -
-- digital
-- optical
-- surround
-- Dolby Digital 5.1
-- rda
345 ## -
-- Widescreen (2.40:1)
-- 24 fps
-- rda
346 ## -
-- NTSC
-- rda
347 ## -
-- video file
-- DVD video
-- Region 1
-- rda
380 ## -
-- Motion pictures
-- lcgft
500 ## - GENERAL NOTE
General note Library has removed digital download code.
500 ## - GENERAL NOTE
General note Originally released as a motion picture in 2015.
500 ## - GENERAL NOTE
General note Widescreen (2.40:1).
500 ## - GENERAL NOTE
General note Special features: making-of a royal night out.
508 ## - CREATION/PRODUCTION CREDITS NOTE
Creation/production credits note Director, Julian Jarrold.
511 1# - PARTICIPANT OR PERFORMER NOTE
Participant or performer note Sarah Gadon, Bel Powley, Emily Watson, Rupert Everett, Jack Laskey, Jack Gordon.
520 ## - SUMMARY, ETC.
Summary, etc Inspired by true events, this charming romantic comedy recounts the glorious celebration of the end of World War II in Europe; and the singular evening when Princess Elizabeth and Princess Margaret leave the confines of Buckingham Palace to join the festivities, while giving their chaperones the slip.
521 8# - TARGET AUDIENCE NOTE
Target audience note Closed-captioned.
521 8# - TARGET AUDIENCE NOTE
Target audience note MPAA rating: PG-13; for some sexual content and brief drug elements.
538 ## - SYSTEM DETAILS NOTE
System details note DVD, NTSC region 1, dual layer, widescreen (2.40:1) presentation; Dolby Digital 5.1.
546 ## - LANGUAGE NOTE
Language note In English; Spanish subtitles; English subtitles for the deaf and hard-of-hearing (SDH); closed-captioned.
588 0# -
-- Title from disc surface.
600 00 - SUBJECT ADDED ENTRY--PERSONAL NAME
Personal name Elizabeth
Numeration II,
Titles and other words associated with a name Queen of Great Britain,
Dates associated with a name 1926-
Form subdivision Drama.
9 (RLIN) 5749269
600 00 - SUBJECT ADDED ENTRY--PERSONAL NAME
Personal name Margaret,
Titles and other words associated with a name Princess, Countess of Snowdon,
Dates associated with a name 1930-2002
Form subdivision Drama.
9 (RLIN) 5749273
650 #0 - SUBJECT ADDED ENTRY--TOPICAL TERM
Topical term or geographic name as entry element Princesses
Geographic subdivision Great Britain
Form subdivision Drama.
9 (RLIN) 5749276
650 #0 - SUBJECT ADDED ENTRY--TOPICAL TERM
Topical term or geographic name as entry element World War, 1939-1945
Form subdivision Drama.
9 (RLIN) 5675021
650 #0 - SUBJECT ADDED ENTRY--TOPICAL TERM
Topical term or geographic name as entry element Man-woman relationships
Form subdivision Drama.
9 (RLIN) 5673977
650 #0 - SUBJECT ADDED ENTRY--TOPICAL TERM
Topical term or geographic name as entry element Video recordings for the hearing impaired.
9 (RLIN) 5930835
600 07 - SUBJECT ADDED ENTRY--PERSONAL NAME
Personal name Elizabeth
Numeration II,
Titles and other words associated with a name Queen of Great Britain,
Dates associated with a name 1926-
Source of heading or term fast
-- (OCoLC)fst00061556
9 (RLIN) 13274
600 07 - SUBJECT ADDED ENTRY--PERSONAL NAME
Personal name Margaret,
Titles and other words associated with a name Princess, Countess of Snowdon,
Dates associated with a name 1930-2002.
Source of heading or term fast
-- (OCoLC)fst00054645
9 (RLIN) 5930836
611 27 - SUBJECT ADDED ENTRY--MEETING NAME
Meeting name or jurisdiction name as entry element World War (1939-1945)
Source of heading or term fast
-- (OCoLC)fst01180924
9 (RLIN) 5675278
650 #7 - SUBJECT ADDED ENTRY--TOPICAL TERM
Topical term or geographic name as entry element Man-woman relationships.
Source of heading or term fast
-- (OCoLC)fst01007080
9 (RLIN) 5930837
650 #7 - SUBJECT ADDED ENTRY--TOPICAL TERM
Topical term or geographic name as entry element Princesses.
Source of heading or term fast
-- (OCoLC)fst01076505
9 (RLIN) 5930838
650 #7 - SUBJECT ADDED ENTRY--TOPICAL TERM
Topical term or geographic name as entry element Video recordings for the hearing impaired.
Source of heading or term fast
-- (OCoLC)fst01166513
9 (RLIN) 5930835
651 #7 - SUBJECT ADDED ENTRY--GEOGRAPHIC NAME
Geographic name Great Britain.
Source of heading or term fast
-- (OCoLC)fst01204623
9 (RLIN) 5930839
648 #7 - SUBJECT ADDED ENTRY--CHRONOLOGICAL TERM
Chronological term 1939-1945
Source of heading or term fast
9 (RLIN) 5678715
655 #7 - INDEX TERM--GENRE/FORM
Genre/form data or focus term Romantic comedy films.
Source of term lcgft
9 (RLIN) 5696851
655 #7 - INDEX TERM--GENRE/FORM
Genre/form data or focus term Feature films.
Source of term lcgft
9 (RLIN) 5930840
655 #7 - INDEX TERM--GENRE/FORM
Genre/form data or focus term Video recordings for the hearing impaired.
Source of term lcgft
9 (RLIN) 5930841
655 #7 - INDEX TERM--GENRE/FORM
Genre/form data or focus term Drama.
Source of term fast
-- (OCoLC)fst01423879
9 (RLIN) 5673873
655 #7 - INDEX TERM--GENRE/FORM
Genre/form data or focus term Feature films.
Source of term fast
-- (OCoLC)fst01710384
9 (RLIN) 5930840
655 #7 - INDEX TERM--GENRE/FORM
Genre/form data or focus term Romantic comedy films.
Source of term fast
-- (OCoLC)fst01710433
9 (RLIN) 5696851
655 #7 - INDEX TERM--GENRE/FORM
Genre/form data or focus term Video recordings for the hearing impaired.
Source of term fast
-- (OCoLC)fst01710450
9 (RLIN) 5930841
700 1# - ADDED ENTRY--PERSONAL NAME
Personal name Jarrold, Julian,
Relator term film director.
9 (RLIN) 58536
700 1# - ADDED ENTRY--PERSONAL NAME
Personal name De Silva, Trevor,
Relator term screenwriter.
9 (RLIN) 5930842
700 1# - ADDED ENTRY--PERSONAL NAME
Personal name Hood, Kevin,
Relator term screenwriter.
9 (RLIN) 52920
700 1# - ADDED ENTRY--PERSONAL NAME
Personal name Bernstein, Robert,
Relator term film producer.
9 (RLIN) 21125
700 1# - ADDED ENTRY--PERSONAL NAME
Personal name Rae, Douglas,
Relator term film producer.
9 (RLIN) 76200
700 1# - ADDED ENTRY--PERSONAL NAME
Personal name Gadon, Sarah,
Dates associated with a name 1987-
Relator term actor.
9 (RLIN) 5887136
700 1# - ADDED ENTRY--PERSONAL NAME
Personal name Powley, Bel,
Dates associated with a name 1992-
Relator term actor.
9 (RLIN) 5930843
700 1# - ADDED ENTRY--PERSONAL NAME
Personal name Watson, Emily,
Dates associated with a name 1967-
Relator term actor.
9 (RLIN) 76432
700 1# - ADDED ENTRY--PERSONAL NAME
Personal name Everett, Rupert,
Relator term actor.
9 (RLIN) 37365
700 1# - ADDED ENTRY--PERSONAL NAME
Personal name Laskey, Jack,
Dates associated with a name 1982-
Relator term actor.
9 (RLIN) 5929106
700 1# - ADDED ENTRY--PERSONAL NAME
Personal name Gordon, Jack,
Relator term actor.
9 (RLIN) 5930844
710 2# - ADDED ENTRY--CORPORATE NAME
Corporate name or jurisdiction name as entry element Ketchup Entertainment,
Relator term production company.
9 (RLIN) 5930845
710 2# - ADDED ENTRY--CORPORATE NAME
Corporate name or jurisdiction name as entry element Atlas Distribution Company,
Relator term production company.
9 (RLIN) 5930846
710 2# - ADDED ENTRY--CORPORATE NAME
Corporate name or jurisdiction name as entry element HanWay (Firm),
Relator term production company.
9 (RLIN) 68954
710 2# - ADDED ENTRY--CORPORATE NAME
Corporate name or jurisdiction name as entry element Twentieth Century Fox Home Entertainment, Inc.,
Relator term film distributor.
9 (RLIN) 61951
942 ## - ADDED ENTRY ELEMENTS (KOHA)
Koha item type DVD
948 ## - LOCAL PROCESSING INFORMATION (OCLC); SERIES PART DESIGNATOR (RLIN)
Series part designator, SPT (RLIN) 01/24/2017
z (OCLC) Sirsi
994 ## -
-- C0
-- WACOL
996 ## -
-- 137716
-- 34301001481466
-- DVD
-- DVD
-- wcl
-- i
-- 23
-- 15.95
-- amazon
-- Roy
-- 01/24/2017
-- 01/31/2020
-- 01/24/2020
Holdings
Withdrawn status Lost status Source of classification or shelving scheme Damaged status Not for loan Collection code Home library Current library Shelving location Date acquired Source of acquisition Cost, normal purchase price Total Checkouts Total Renewals Full call number Barcode Date last seen Date checked out Cost, replacement price Price effective from Koha item type
    Dewey Decimal Classification     Movies Wasatch County Library Wasatch County Library Audio Visual Area 01/24/2017 Amazon 15.95 26 4 DVD Roy 34301001481466 03/07/2024 02/17/2024 15.95 03/20/2020 DVD
This project was made possible through a grant from the Institute of Museum and Library Service administered by the Utah State Library Division.

Wasatch County Library

  • 465 East 1200 South, Heber City, Utah 84032
  • Phone 435-654-1511 | Fax 435-654-6456

Hours

  • Monday - Friday 9:30 AM - 8:00 PM
  • Saturday 9:30 AM - 1:30 PM
  • Closed Sundays and Holidays